[Event "Lisbon Portugal op"]
[Site "Lisbon"]
[Date "2017.02.08"]
[Round "7"]
[White "Pinto, Andre Filipe Temper"]
[Black "Carneiro, Carlos Alberto Carv"]
[Result "0-1"]
[WhiteElo "1983"]
[BlackElo "2182"]
[PlyCount "38"]
[EventDate "2017.02.04"]
[EventType "swiss"]
[EventRounds "9"]
[EventCountry "POR"]
[SourceTitle "CBM 176 Extra"]
[Source "ChessBase"]
[SourceDate "2017.03.02"]
[SourceVersion "1"]
[SourceVersionDate "2017.03.02"]
[SourceQuality "1"]

1. e4 c5 2. Nc3 g6 3. g3 Bg7 4. Bg2 Nc6 5. d3 d6 6. Be3 e6 7. Qd2 Nd4 8. Nd1 Rb8 9. c3 Nc6 10. Ne2 Nge7 11. Bh6 0-0 12. h4 f6 13. h5 Bxh6 14. Qxh6 g5 15. Nf4 gxf4 16. Rh4 Kh8 17. Rg4 Rf7 18. gxf4 Ng8 19. Rxg8+ Qxg8 0-1

[Event "Lisbon Portugal op"]
[Site "Lisbon"]
[Date "2017.02.05"]
[Round "4"]
[White "Pinto, Andre Filipe Temper"]
[Black "Santos, Ruben Jose Melo"]
[Result "1-0"]
[WhiteElo "1983"]
[BlackElo "1577"]
[PlyCount "81"]
[EventDate "2017.02.04"]
[EventType "swiss"]
[EventRounds "9"]
[EventCountry "POR"]
[SourceTitle "CBM 176 Extra"]
[Source "ChessBase"]
[SourceDate "2017.03.02"]
[SourceVersion "1"]
[SourceVersionDate "2017.03.02"]
[SourceQuality "1"]

1. e4 e6 2. d3 d5 3. Nd2 Nf6 4. Ngf3 c5 5. g3 Nc6 6. Bg2 d4 7. 0-0 e5 8. Nc4 Bd6 9. a4 Be6 10. Nxd6+ Qxd6 11. Ng5 h6 12. Nxe6 Qxe6 13. f4 Nd7 14. Qh5 Nf6 15. Qe2 Nd7 16. Bf3 0-0 17. Bg4 Qe7 18. Bxd7 Qxd7 19. f5 f6 20. g4 Nd8 21. Rf2 Nf7 22. Rg2 Qe7 23. Bd2 a6 24. a5 Ng5 25. Rg3 Rab8 26. b3 Rbc8 27. Kg2 Rc7 28. Rh1 Kf7 29. h4 Nh7 30. g5 Ke8 31. g6 Ng5 32. hxg5 fxg5 33. Rf3 Rc6 34. Rff1 Qc7 35. Qg4 Rcf6 36. Qg3 Qd6 37. c4 Kd7 38. Rb1 Rc8 39. b4 cxb4 40. Rxb4 Qc6 41. Qxe5 1-0

[Event "POR CupT Associations"]
[Site "Foz do Arelho"]
[Date "2016.07.21"]
[Round "2.1"]
[White "Pinto, Andre Filipe Temper"]
[Black "Carneiro, Carlos Alberto Carv"]
[Result "0-1"]
[WhiteElo "2015"]
[BlackElo "2179"]
[PlyCount "108"]
[EventDate "2016.07.20"]
[EventType "team-k.o."]
[EventRounds "3"]
[EventCountry "POR"]
[SourceTitle "EXT 2018"]
[Source "ChessBase"]
[SourceDate "2017.10.13"]
[SourceVersion "1"]
[SourceVersionDate "2017.10.13"]
[SourceQuality "1"]
[WhiteTeam "Bombarral"]
[BlackTeam "Portugal/Atlantidiagonal"]
[WhiteTeamCountry "POR"]
[BlackTeamCountry "POR"]

1. Nf3 Nf6 2. g3 g6 3. Bg2 Bg7 4. 0-0 0-0 5. d3 d5 6. Nbd2 Re8 7. e4 dxe4 8. dxe4 Nc6 9. c3 h6 10. Qc2 Be6 11. Nb3 Qc8 12. Nc5 Bh3 13. Re1 Bxg2 14. Kxg2 e5 15. h3 b6 16. Nd3 a5 17. b4 axb4 18. Nxb4 Na5 19. c4 c6 20. Be3 Qc7 21. Rab1 Nd7 22. Nd2 Bf8 23. Nd3 c5 24. Kh2 Nc6 25. Nb3 Nd4 26. Bxd4 cxd4 27. Rec1 Rec8 28. Nd2 Qa7 29. Rb5 Bc5 30. Ra1 Qa3 31. Qb3 f6 32. Nb4 Qxb3 33. Nxb3 Bxb4 34. Rxb4 Rc7 35. Kg2 Ra3 36. Nd2 Rca7 37. Rb2 Kf7 38. Kf1 R7a6 39. Nb3 R6a4 40. Nd2 Ke7 41. Nb1 Rd3 42. Ke2 Nc5 43. Rb5 Rb3 44. axb3 Rxa1 45. Nd2 Ra2 46. f3 d3+ 47. Ke3 Ra1 48. b4 Re1+ 49. Kf2 Re2+ 50. Kf1 Nd7 51. Nb1 Rc2 52. c5 Rc1+ 53. Kf2 Rxb1 54. c6 d2 0-1

[Event "Coimbra Queima das Fitas op"]
[Site "Coimbra"]
[Date "2015.04.30"]
[Round "1"]
[White "Carvalho, Joao Alexandre"]
[Black "Pinto, Andre Filipe Temper"]
[Result "0-1"]
[WhiteElo "1762"]
[BlackElo "2030"]
[PlyCount "78"]
[EventDate "2015.04.30"]
[EventType "swiss"]
[EventRounds "7"]
[EventCountry "POR"]
[SourceTitle "EXT 2018"]
[Source "ChessBase"]
[SourceDate "2017.10.13"]
[SourceVersion "1"]
[SourceVersionDate "2017.10.13"]
[SourceQuality "1"]

1. e4 c5 2. Nf3 d6 3. d4 cxd4 4. Nxd4 Nf6 5. Nc3 g6 6. f4 Bg7 7. h3 0-0 8. Bc4 a6 9. Qf3 e5 10. Nde2 b5 11. Bb3 Bb7 12. Be3 Nbd7 13. 0-0-0 Qc7 14. g4 Rac8 15. Ng3 b4 16. Nce2 exf4 17. Bxf4 Nc5 18. Bxd6 Qb6 19. Bxf8 Bxf8 20. g5 Nxb3+ 21. axb3 Qc5 22. Qd3 Qxg5+ 23. Kb1 Bg7 24. Rhf1 Qe5 25. Qd4 Qc7 26. Qd3 Qe7 27. Qd6 Qxd6 28. Rxd6 Nxe4 29. Rd7 Bc6 30. Rdd1 h5 31. Ka2 Nc5 32. Nd4 Bg2 33. Rg1 Bxh3 34. c3 a5 35. Rde1 a4 36. Re3 axb3+ 37. Kb1 bxc3 38. bxc3 Na4 39. Nxh5 Nxc3+ 0-1

[Event "Coimbra op"]
[Site "Coimbra"]
[Date "2014.04.27"]
[Round "7"]
[White "Pinto, Andre Filipe Temper"]
[Black "Bernardo, Daniel Madureira"]
[Result "0-1"]
[WhiteElo "2010"]
[BlackElo "1662"]
[PlyCount "64"]
[EventDate "2014.04.25"]
[EventType "swiss"]
[EventRounds "7"]
[EventCountry "POR"]
[SourceTitle "CBM 160 Extra"]
[Source "ChessBase"]
[SourceDate "2014.07.01"]
[SourceVersion "1"]
[SourceVersionDate "2014.07.01"]
[SourceQuality "1"]

1. Nf3 d5 2. g3 c6 3. Bg2 Nf6 4. c4 g6 5. d4 Bg7 6. 0-0 0-0 7. Nbd2 b6 8. b3 Nbd7 9. Bb2 Bb7 10. Qc2 Re8 11. Rfe1 c5 12. Ne5 cxd4 13. Bxd4 Rc8 14. Qb2 Nc5 15. Rad1 Qc7 16. b4 Ne6 17. Bc3 Red8 18. e3 dxc4 19. Bxb7 Qxb7 20. Ndxc4 Ne4 21. Rxd8+ Nxd8 22. Rd1 Nxc3 23. Qxc3 Nc6 24. f4 Nxe5 25. fxe5 Qc6 26. b5 Qe6 27. Rc1 Bxe5 28. Qb3 Bd6 29. Rc3 Qf6 30. Rd3 Bc5 31. Rd7 Qf3 32. Rxa7 Rd8 0-1

[Event "Coimbra op"]
[Site "Coimbra"]
[Date "2014.04.26"]
[Round "3"]
[White "Pinto, Andre Filipe Temper"]
[Black "Ferreira, Jorge Viterbo"]
[Result "0-1"]
[WhiteElo "2010"]
[BlackElo "2375"]
[PlyCount "60"]
[EventDate "2014.04.25"]
[EventType "swiss"]
[EventRounds "7"]
[EventCountry "POR"]
[SourceTitle "CBM 160 Extra"]
[Source "ChessBase"]
[SourceDate "2014.07.01"]
[SourceVersion "1"]
[SourceVersionDate "2014.07.01"]
[SourceQuality "1"]

1. Nf3 c5 2. g3 Nc6 3. Bg2 g6 4. 0-0 Bg7 5. e4 d6 6. d3 e5 7. Nc3 Nge7 8. Nh4 0-0 9. f4 exf4 10. Bxf4 Be6 11. Qd2 d5 12. Bh6 d4 13. Ne2 Ne5 14. Bxg7 Kxg7 15. h3 f6 16. Nf4 Bf7 17. Nf3 N7c6 18. Nh2 g5 19. Nd5 Bxd5 20. exd5 Nb4 21. h4 gxh4 22. gxh4 Nxd5 23. Be4 Ne3 24. Qf2 f5 25. Qg3+ Ng6 26. Bxb7 Rb8 27. h5 Nxf1 28. Rxf1 Rxb7 29. Nf3 Rb6 30. Kf2 Qd6 0-1

[Event "POR-ch"]
[Site "Amadora"]
[Date "2010.09.08"]
[Round "5"]
[White "Pinto, Andre Filipe Temper"]
[Black "Ferreira, Vitor"]
[Result "1/2-1/2"]
[WhiteElo "1970"]
[BlackElo "2198"]
[PlyCount "134"]
[EventDate "2010.08.28"]
[EventType "swiss"]
[EventRounds "9"]
[EventCountry "POR"]
[SourceTitle "CBM 138 Extra"]
[Source "ChessBase"]
[SourceDate "2010.10.29"]
[SourceVersion "1"]
[SourceVersionDate "2010.10.29"]
[SourceQuality "1"]

1. e4 e6 2. Qe2 g6 3. Nf3 Bg7 4. g3 c6 5. Bg2 Ne7 6. 0-0 0-0 7. d4 d5 8. Re1 Nd7 9. Nc3 Re8 10. Bg5 Qa5 11. Bxe7 Rxe7 12. exd5 cxd5 13. b4 Qd8 14. Nxd5 Re8 15. c3 Rf8 16. Nf4 Nf6 17. Ne5 Qc7 18. Qc4 Qd8 19. a4 Ne8 20. a5 a6 21. Rad1 Qg5 22. Qb3 h5 23. Nc4 Rb8 24. Nb6 Nf6 25. Re5 Qh6 26. Rc5 h4 27. Nxc8 Rfxc8 28. Rxc8+ Rxc8 29. Bxb7 hxg3 30. hxg3 Ng4 31. Bg2 e5 32. Ne2 e4 33. Qd5 Re8 34. b5 axb5 35. a6 g5 36. a7 Qa6 37. Qd7 Nf6 38. Qc7 b4 39. c4 Qa2 40. Bf1 b3 41. Qb8 b2 42. Nc3 Qa5 43. Rb1 e3 44. Rxb2 Qxc3 45. a8Q Qxb2 46. Qxe8+ Nxe8 47. Qxe8+ Kh7 48. fxe3 Qd2 49. Qe4+ Kg8 50. c5 Qe1 51. Qf3 g4 52. Qf2 Qc3 53. Be2 f5 54. Qf4 Qe1+ 55. Bf1 Qc3 56. Kf2 Qc2+ 57. Be2 Kh7 58. c6 Bh6 59. Qd6 Qe4 60. Qa3 Qxc6 61. Qe7+ Kg6 62. Qe5 Qh1 63. d5 Bg7 64. Qe8+ Kf6 65. Qd8+ Kg6 66. Qd6+ Bf6 67. Qf4 Qxd5 1/2-1/2

[Event "POR-ch"]
[Site "Amadora"]
[Date "2010.09.06"]
[Round "3"]
[White "Pinto, Andre Filipe Temper"]
[Black "Silva, Miguel Alexandre Go"]
[Result "0-1"]
[WhiteElo "1970"]
[BlackElo "2051"]
[PlyCount "102"]
[EventDate "2010.08.28"]
[EventType "swiss"]
[EventRounds "9"]
[EventCountry "POR"]
[SourceTitle "CBM 138 Extra"]
[Source "ChessBase"]
[SourceDate "2010.10.29"]
[SourceVersion "1"]
[SourceVersionDate "2010.10.29"]
[SourceQuality "1"]

1. e4 c5 2. Nf3 g6 3. c3 Bg7 4. d4 cxd4 5. cxd4 d6 6. Bb5+ Bd7 7. Bxd7+ Qxd7 8. 0-0 Nf6 9. Nc3 Nc6 10. Re1 0-0 11. Bf4 Rac8 12. Qd2 e5 13. Bg5 exd4 14. Nxd4 Nxd4 15. Qxd4 Ng4 16. Qb4 Ne5 17. Re3 Nc4 18. Rg3 h6 19. Bf4 d5 20. Nxd5 a5 21. Qb3 g5 22. Re1 Qe6 23. Bc1 Rfe8 24. Nc3 Red8 25. h4 g4 26. Qb5 Be5 27. Rge3 Nxe3 28. Bxe3 Bxc3 29. bxc3 Rxc3 30. Qxa5 Rcd3 31. Qa4 Kh7 32. Bf4 Qd7 33. Qb4 Rd1 34. Kh2 Rxe1 35. Qxe1 Re8 36. Qb1 Qe6 37. e5+ Kg7 38. Qxb7 Qxa2 39. Qb6 Qe6 40. Qd4 Rc8 41. Qe3 Rc6 42. Qd2 Qf5 43. Qd4 Kh7 44. Qe3 Ra6 45. Qd4 Re6 46. Bg3 Rc6 47. Qf4 Qxf4 48. Bxf4 Kg6 49. Kg1 Kf5 50. Bg3 Rc1+ 51. Kh2 Rf1 0-1

[Event "POR-ch sf"]
[Site "Amadora"]
[Date "2009.09.06"]
[Round "2"]
[White "Pinto, Andre Filipe Temper"]
[Black "Costa, Paulo Jorge Lopes"]
[Result "1/2-1/2"]
[WhiteElo "1985"]
[BlackElo "2150"]
[PlyCount "111"]
[EventDate "2009.09.05"]
[EventType "swiss"]
[EventRounds "9"]
[EventCountry "POR"]
[SourceTitle "EXT 2015"]
[Source "ChessBase"]
[SourceDate "2014.11.20"]
[SourceVersion "1"]
[SourceVersionDate "2014.11.20"]
[SourceQuality "1"]

1. e4 c5 2. c4 e6 3. Nc3 a6 4. g3 Nc6 5. Bg2 g6 6. Nge2 Bg7 7. 0-0 Nge7 8. d3 d6 9. Be3 Nd4 10. Bxd4 cxd4 11. Nb1 0-0 12. Nd2 Rb8 13. Rc1 e5 14. b4 Be6 15. a4 Qd7 16. c5 b5 17. axb5 Rxb5 18. Qa4 dxc5 19. Rxc5 Rxc5 20. Qxd7 Bxd7 21. bxc5 Bb5 22. Nc1 Nc6 23. Bh3 Rd8 24. Nc4 Bf8 25. Nb3 Bxc4 26. dxc4 Rb8 27. Bd7 Rxb3 28. Bxc6 Bxc5 29. Ra1 d3 30. Rd1 Kf8 31. Kf1 Ke7 32. h4 h6 33. f4 exf4 34. gxf4 Be3 35. f5 Kf6 36. Bd5 Ra3 37. c5 gxf5 38. exf5 Bxc5 39. Bc4 Kxf5 40. Rxd3 Ra1+ 41. Kg2 Ke4 42. Rd5 Bd4 43. Rd6 a5 44. Bxf7 Rg1+ 45. Kh3 Be5 46. Bd5+ Kf5 47. Be6+ Ke4 48. Ra6 Rg3+ 49. Kh2 Rg6+ 50. Kh1 Kf4 51. Bc4 Rxa6 52. Bxa6 Kg4 53. Bb5 Kxh4 54. Bc6 Kg3 55. Bd5 Bd4 56. Bc6 1/2-1/2

[Event "POR-ch sf"]
[Site "Amadora"]
[Date "2009.09.06"]
[Round "3"]
[White "Silva, Miguel Alexandre Go"]
[Black "Pinto, Andre Filipe Temper"]
[Result "1-0"]
[WhiteElo "2028"]
[BlackElo "1985"]
[PlyCount "51"]
[EventDate "2009.09.05"]
[EventType "swiss"]
[EventRounds "9"]
[EventCountry "POR"]
[SourceTitle "EXT 2015"]
[Source "ChessBase"]
[SourceDate "2014.11.20"]
[SourceVersion "1"]
[SourceVersionDate "2014.11.20"]
[SourceQuality "1"]

1. e4 c5 2. Nf3 d6 3. d4 cxd4 4. Qxd4 Bd7 5. c4 Nc6 6. Qd2 g6 7. b3 Bg7 8. Nc3 Nf6 9. Bb2 0-0 10. h3 Qa5 11. Bd3 Nb4 12. Bb1 b5 13. a3 Na6 14. b4 Qb6 15. c5 Qb7 16. cxd6 exd6 17. 0-0 Rfe8 18. Qxd6 Bc6 19. Re1 Bxe4 20. Nxe4 Nxe4 21. Bxe4 Rxe4 22. Rxe4 Bxb2 23. Rae1 Kg7 24. Re7 Qb6 25. Qd5 Rf8 26. R1e6 1-0